[Event "Wismilak It"]
[Site "Surabaya IND"]
[Date "2002.07.26"]
[Round "6"]
[White "Zaw Win Lay"]
[Black "Nay Oo Kyaw Tun"]
[Result "1/2-1/2"]
[WhiteElo "2531"]
[BlackElo "2504"]
[EventDate "2002.07.22"]

1. e4 e5 2. Nf3 Nf6 3. Nxe5 Nxe4 4. d4 d5 5. Bd3 Be7 6. O-O Nc6 7. Re1 Bg5
8. c3 f5 9. Qb3 O-O 10. Nd2 Na5 11. Qa4 Nc6 12. Qb3 Na5 13. Qa4 Nc6 14. Qb3
1/2-1/2

[Event "Wismilak It"]
[Site "Surabaya IND"]
[Date "2002.07.26"]
[Round "6"]
[White "Kosasih,C"]
[Black "Ardiansyah,H"]
[Result "0-1"]
[WhiteElo "2422"]
[BlackElo "2411"]
[EventDate "2002.07.22"]

1. d4 d5 2. Nf3 Nf6 3. g3 Bf5 4. c4 c6 5. cxd5 cxd5 6. Bg2 Nc6 7. O-O e6 8.
Qb3 Qc8 9. Bf4 Be7 10. Rc1 O-O 11. Ne5 Nd7 12. Nxc6 bxc6 13. Qa4 c5 14. Nd2
Qb7 15. Nb3 Nb6 16. Qa5 c4 17. Nc5 Qc6 18. b3 g5 19. Be3 Qe8 20. Qd2 f6 21.
f4 gxf4 22. Bxf4 e5 23. Bh6 exd4 24. Qxd4 Qc6 25. Bxf8 Rxf8 26. b4 Bd6 27.
Qf2 Bg6 28. Rd1 Be5 29. Rac1 Bf7 30. Kh1 Qb5 31. a3 a5 32. Qf5 axb4 33.
axb4 Re8 34. Bf3 Qxb4 35. Nd7 Nxd7 36. Qxd7 c3 37. Bxd5 Bxd5+ 38. Qxd5+ Kh8
39. Qc6 Rg8 40. Rc2 Qg4 41. Rd3 Qh3 42. Qg2 Qf5 43. e4 Qg5 44. Qf3 Rb8 45.
Qf5 Qxf5 46. exf5 Rb2 47. Rxb2 cxb2 48. Rb3 Kg7 49. Kg2 h5 50. Kf3 h4 0-1

[Event "Wismilak It"]
[Site "Surabaya IND"]
[Date "2002.07.26"]
[Round "6"]
[White "Handoko,E"]
[Black "Paciencia,E"]
[Result "1/2-1/2"]
[WhiteElo "2431"]
[BlackElo "2483"]
[EventDate "2002.07.22"]

1. e4 e5 2. Nf3 Nc6 3. Nc3 Nf6 4. g3 Bb4 5. Bg2 O-O 6. O-O d6 7. d3 Bg4 8.
h3 Be6 9. Ng5 Bd7 10. Nd5 Nxd5 11. exd5 Ne7 12. c3 Ba5 13. d4 h6 14. Nf3
exd4 15. Nxd4 Bb6 16. Kh2 Re8 17. Qd3 Ng6 18. f4 Qf6 19. Be3 Re7 20. Bg1
Rae8 21. Rad1 Nf8 22. Rd2 a6 23. g4 Ng6 24. Qg3 Bb5 25. g5 hxg5 26. fxg5
Qe5 27. Nxb5 Bxg1+ 28. Rxg1 axb5 29. Qxe5 Rxe5 30. Bf1 Nh4 31. Rf2 Rxd5 32.
Rg4 Ng6 33. Bg2 Rd1 34. Bxb7 Re5 35. Be4 Nf8 36. Bc2 Rde1 37. Rgf4 Re7 38.
Bb3 Ne6 39. Rf5 c6 40. a4 g6 41. Rf6 bxa4 42. Bxa4 Rc7 43. Bc2 Nxg5 44.
Rxd6 Re3 45. Rd3 Rce7 46. h4 Nf3+ 47. Rxf3 Re2+ 48. Kg3 Rxc2 49. Rf2 Rxf2
50. Kxf2 Re4 51. Kg3 Re2 52. Rd6 Rxb2 53. Rxc6 Kg7 1/2-1/2

[Event "Wismilak It"]
[Site "Surabaya IND"]
[Date "2002.07.26"]
[Round "7"]
[White "Hamdani,R"]
[Black "Kosasih,C"]
[Result "1/2-1/2"]
[WhiteElo "2375"]
[BlackElo "2422"]
[EventDate "2002.07.22"]

1. c4 g6 2. g3 Bg7 3. Bg2 Nf6 4. Nf3 O-O 5. O-O a6 6. Nc3 d6 7. d3 h6 8.
Bd2 Kh7 9. a3 Nbd7 10. Qc2 e6 11. h3 Qe7 12. Kh2 Re8 13. Rab1 Nf8 14. Rfd1
Bd7 15. b4 Rad8 16. Bc1 Bc8 17. Nd2 N8d7 18. Nde4 Nxe4 19. Nxe4 Nf6 20.
Nxf6+ Bxf6 21. e4 Bg7 22. Bb2 Bxb2 23. Rxb2 b6 24. Qe2 Rf8 1/2-1/2

[Event "Wismilak It"]
[Site "Surabaya IND"]
[Date "2002.07.26"]
[Round "7"]
[White "Irwanto,S"]
[Black "Handoko,E"]
[Result "1/2-1/2"]
[WhiteElo "2362"]
[BlackElo "2431"]
[EventDate "2002.07.22"]

1. d4 d5 2. Nf3 Nf6 3. c4 e6 4. cxd5 exd5 5. Bg5 Be7 6. Nc3 c6 7. Qc2 O-O
8. e3 Ne4 9. Bxe7 Qxe7 10. Bd3 Re8 11. O-O Nd7 12. Rae1 b6 13. Nd2 Ndf6 14.
f3 Nxd2 15. Qxd2 Be6 16. e4 dxe4 17. fxe4 Qb4 18. e5 Qxd4+ 19. Re3 Rad8 20.
exf6 Bf5 21. Rfe1 Rxe3 22. Rxe3 Bxd3 23. Ne2 Qc5 24. b4 Qc2 25. Qxc2 Bxc2
26. Nd4 Ba4 27. Re7 c5 28. Nf5 Bd7 29. Nd6 Be6 30. bxc5 bxc5 31. Rxa7 gxf6
32. Ne4 c4 33. Nxf6+ Kh8 34. Ne4 Rd4 35. Ng5 1/2-1/2

[Event "Wismilak It"]
[Site "Surabaya IND"]
[Date "2002.07.26"]
[Round "7"]
[White "Nay Oo Kyaw Tun"]
[Black "Barus,C"]
[Result "0-1"]
[WhiteElo "2504"]
[BlackElo "2456"]
[EventDate "2002.07.22"]

1. e4 e5 2. Nf3 Nc6 3. Bb5 a6 4. Ba4 Nf6 5. d4 exd4 6. O-O Be7 7. e5 Ne4 8.
Nxd4 Nxd4 9. Qxd4 Nc5 10. Nc3 O-O 11. Rd1 d6 12. Be3 Nxa4 13. Qxa4 Bd7 14.
Qb3 Bc6 15. Bf4 Re8 16. exd6 Bxd6 17. Bxd6 cxd6 18. Nd5 Re5 19. Rd4 Qg5 20.
f4 Qg4 21. h3 Qh4 22. g3 Rxd5 23. gxh4 Rxd4 24. Re1 Rd2 25. Re7 Rf8 26. f5
h6 27. Qc3 Rd1+ 28. Kf2 Rd5 29. Qg3 Rxf5+ 30. Ke2 Rf6 31. Kd2 Rg6 32. Qf4
Rf6 33. Qg3 h5 34. Qg5 Rh6 35. c4 d5 36. cxd5 Rd6 37. Ke3 Rxd5 38. Qf4 Rd1
39. Kf2 Rh1 40. Qf5 g6 41. Qf4 Bd5 42. Re5 Be6 43. Rxh5 Rc8 44. Re5 Rcc1
45. Qg5 Rc2+ 46. Ke3 Rxh3+ 47. Kf4 Rf2+ 48. Ke4 Rxb2 49. Rxe6 Re2+ 50. Kf4
Rxe6 51. Qd8+ Kg7 52. Qd4+ Rf6+ 53. Kg4 Rhf3 54. Qc5 Kh6 55. Qg5+ Kh7 0-1

[Event "Wismilak It"]
[Site "Surabaya IND"]
[Date "2002.07.26"]
[Round "7"]
[White "Ardiansyah,H"]
[Black "Megaranto,S"]
[Result "1-0"]
[WhiteElo "2411"]
[BlackElo "2364"]
[EventDate "2002.07.22"]

1. d4 d5 2. Nf3 Nf6 3. g3 Bf5 4. c4 c6 5. cxd5 cxd5 6. Bg2 Nc6 7. O-O e6 8.
Qb3 Qd7 9. Bf4 Be7 10. Nc3 O-O 11. Ne5 Qc8 12. Rac1 Nxd4 13. Qa4 Nc6 14.
Nb5 Qd8 15. Nxc6 bxc6 16. Rxc6 e5 17. Bxe5 Bd7 18. Nd4 Kh8 19. Qa6 Bxc6 20.
Nxc6 Qd7 21. Nxe7 Qxe7 22. Bxf6 gxf6 23. Bxd5 Rad8 24. Bc4 Kg7 25. Bd3 Qc5
26. Qb7 Rfe8 27. b4 Qb6 28. Qxb6 axb6 29. a4 Rd4 30. Rb1 Ra8 31. Bb5 Rd2
32. Kg2 Rd4 33. Kf3 Rd2 34. h4 Rd4 35. Rb2 f5 36. e3 Rd1 37. Kf4 Kf6 38.
Rc2 Rb1 39. Rc6+ Kg7 40. Rc4 Rb2 41. f3 Rb3 42. Rd4 Ra7 43. Bc6 Rc7 44. Bb5
Ra7 45. e4 Ra3 46. exf5 f6 47. Re4 R3xa4 48. Re6 Rxb4+ 1-0

[Event "Wismilak It"]
[Site "Surabaya IND"]
[Date "2002.07.27"]
[Round "8"]
[White "Barus,C"]
[Black "Stefanova,A"]
[Result "1/2-1/2"]
[WhiteElo "2456"]
[BlackElo "2497"]
[EventDate "2002.07.22"]

1. d4 d5 2. c4 c6 3. Nf3 Nf6 4. Nc3 a6 5. a4 e6 6. Bg5 Nbd7 7. e3 Qa5 8.
Bxf6 Nxf6 9. Nd2 c5 10. dxc5 Qxc5 11. Be2 dxc4 12. O-O Bd7 13. Nxc4 Bc6 14.
Nd2 Rd8 15. Qc2 Bd6 16. Rfd1 O-O 17. Bf3 Be5 18. Nb3 Qb6 19. Nd2 Qc7 20. h3
Bxf3 21. Nxf3 Bxc3 22. bxc3 Rxd1+ 23. Rxd1 Rc8 24. c4 Nd5 25. Qb3 Qxc4 26.
Qxb7 Rc7 27. Qb8+ Rc8 28. Qb7 Rc7 29. Qb8+ Rc8 30. Qb7 1/2-1/2

[Event "Wismilak It"]
[Site "Surabaya IND"]
[Date "2002.07.27"]
[Round "8"]
[White "Zaw Win Lay"]
[Black "Paciencia,E"]
[Result "1/2-1/2"]
[WhiteElo "2531"]
[BlackElo "2483"]
[EventDate "2002.07.22"]

1. e4 e5 2. Nf3 Nf6 3. Nxe5 d6 4. Nf3 Nxe4 5. d4 d5 6. Bd3 Bd6 7. O-O O-O
8. c4 c6 9. cxd5 cxd5 10. Nc3 Nxc3 11. bxc3 Bg4 12. Rb1 Nd7 13. h3 Bh5 14.
Rb5 Nb6 15. c4 Bxf3 16. Qxf3 dxc4 17. Bc2 Qd7 18. a4 g6 19. Be3 Rac8 20.
Bh6 Rfe8 21. Bf5 gxf5 22. Qg4+ fxg4 23. Rg5+ Kh8 1/2-1/2

[Event "Wismilak It"]
[Site "Surabaya IND"]
[Date "2002.07.27"]
[Round "8"]
[White "Juswanto,D"]
[Black "Irwanto,S"]
[Result "1-0"]
[WhiteElo "2520"]
[BlackElo "2362"]
[EventDate "2002.07.22"]

1. Nf3 Nf6 2. c4 e6 3. g3 d5 4. Bg2 Be7 5. O-O O-O 6. d4 dxc4 7. Qc2 a6 8.
Qxc4 b5 9. Qc2 Bb7 10. Bf4 Nc6 11. Rd1 Nb4 12. Qc1 Qc8 13. Bg5 c5 14. Bxf6
Bxf6 15. a3 Nd5 16. dxc5 Be7 17. b4 a5 18. e4 Nf6 19. e5 Nd5 20. Nc3 axb4
21. Nxd5 Bxd5 22. axb4 f6 23. Qe3 Rxa1 24. Rxa1 Qb7 25. exf6 Bxf6 26. Rd1
e5 27. Nh4 e4 28. Nf5 Ra8 29. Nd6 Qc6 30. Bxe4 Bxe4 31. Qb3+ Bd5 32. Qxd5+
Qxd5 33. Rxd5 Ra1+ 34. Kg2 Rb1 35. c6 Rc1 36. Rc5 1-0

[Event "Wismilak It"]
[Site "Surabaya IND"]
[Date "2002.07.27"]
[Round "8"]
[White "Kosasih,C"]
[Black "Nay Oo Kyaw Tun"]
[Result "1-0"]
[WhiteElo "2422"]
[BlackElo "2504"]
[EventDate "2002.07.22"]

1. d4 d5 2. Nf3 Nf6 3. g3 c6 4. Bg2 Bg4 5. O-O Nbd7 6. c4 e6 7. Nc3 Be7 8.
b3 O-O 9. Bb2 Qb6 10. Ne5 Bf5 11. h3 Rfd8 12. c5 Qc7 13. g4 Bg6 14. f4 Nxe5
15. fxe5 Nd7 16. e4 dxe4 17. Qe2 f5 18. Qc4 Kh8 19. Qxe6 Nf8 20. Qc4 fxg4
21. hxg4 Qd7 22. Rae1 Bh4 23. Rxe4 Bxe4 24. Nxe4 Ne6 25. Nd6 Rf8 26. Nf5
Bg5 27. d5 cxd5 28. Bxd5 Nc7 29. Bxb7 Rad8 30. Bf3 Rxf5 31. gxf5 Be3+ 32.
Kh1 Qxf5 33. Qg4 Qxg4 34. Bxg4 Bxc5 35. Rf7 Nd5 36. e6 Nf6 37. Rxf6 1-0

[Event "Wismilak It"]
[Site "Surabaya IND"]
[Date "2002.07.27"]
[Round "8"]
[White "Megaranto,S"]
[Black "Handoko,E"]
[Result "1-0"]
[WhiteElo "2364"]
[BlackElo "2431"]
[EventDate "2002.07.22"]

1. e4 e5 2. Nf3 Nf6 3. Nxe5 d6 4. Nf3 Nxe4 5. d4 d5 6. Bd3 Nc6 7. O-O Be7
8. c4 Nb4 9. Be2 O-O 10. Nc3 Be6 11. Ne5 c5 12. Nxe4 dxe4 13. d5 Bc8 14. f4
f6 15. Ng4 Bxg4 16. Bxg4 f5 17. Be2 Bf6 18. Be3 Qb6 19. a3 Na6 20. Rb1 Bd4
21. Qd2 Qf6 22. Rfd1 Bxe3+ 23. Qxe3 Rad8 24. b4 b6 25. Rd2 Rd6 26. Bd1 Rc8
27. b5 Nb8 28. g4 Nd7 29. a4 Re8 30. g5 Qf7 31. Ra1 g6 32. a5 Qg7 33. Rda2
h5 34. axb6 axb6 35. h4 Nf8 36. Be2 Red8 37. Kf2 Kh7 38. Rc2 Kg8 39. Ra6
Nd7 40. Ra7 Qd4 41. Rd2 Qg7 42. Rda2 Kf8 43. Rc7 Ke7 44. Raa7 Qb2 45. Rc6
Qh8 46. Rac7 Ra8 47. Rxd6 Kxd6 48. Rc6+ Ke7 49. Rxb6 Ra2 50. Rxg6 Qb2 51.
Ra6 Rxa6 52. bxa6 Kd6 53. a7 Nb6 54. g6 Qf6 55. Qg3 Qd4+ 56. Kg2 Qb2 57. g7
1-0

[Event "Wismilak It"]
[Site "Surabaya IND"]
[Date "2002.07.27"]
[Round "9"]
[White "Nay Oo Kyaw Tun"]
[Black "Ardiansyah,H"]
[Result "1/2-1/2"]
[WhiteElo "2504"]
[BlackElo "2411"]
[EventDate "2002.07.22"]

1. e4 c5 2. c3 d5 3. exd5 Qxd5 4. d4 e6 5. Na3 cxd4 6. Nb5 Qd8 7. Bf4 Na6
8. Qxd4 Qxd4 9. Nxd4 f6 10. Nb5 Kf7 11. Rd1 Be7 12. Be2 Nh6 13. Nd6+ Bxd6
14. Bxd6 Nb8 15. Nf3 Nc6 16. O-O Rd8 17. Bc7 Rd7 18. Rxd7+ Bxd7 19. Rd1 Ke8
20. Nd2 Rc8 21. Bf4 Nf7 22. Ne4 Ne7 23. Bh5 Ng6 24. Nd6+ Nxd6 25. Bxd6 Bc6
26. c4 Rd8 27. b4 a6 28. h3 Kf7 29. Bc7 Rxd1+ 30. Bxd1 b5 31. cxb5 axb5 32.
Bh5 Ke7 33. Bxg6 hxg6 34. f4 Kd7 1/2-1/2

[Event "Wismilak It"]
[Site "Surabaya IND"]
[Date "2002.07.27"]
[Round "9"]
[White "Irwanto,S"]
[Black "Zaw Win Lay"]
[Result "1/2-1/2"]
[WhiteElo "2362"]
[BlackElo "2531"]
[EventDate "2002.07.22"]

1. d4 Nf6 2. c4 e6 3. Nc3 Bb4 4. Qc2 d5 5. a3 Bxc3+ 6. Qxc3 Ne4 7. Qc2 c5
8. dxc5 Nc6 9. Nf3 Qa5+ 10. Bd2 Qxc5 11. e3 Nxd2 12. Nxd2 dxc4 13. Nxc4 O-O
14. Bd3 h6 15. b4 Qg5 16. f4 Qf6 17. O-O Bd7 18. Rad1 Rad8 19. Be4 Ne7 20.
Bxb7 Bb5 21. a4 Rb8 22. axb5 Rxb7 23. Nd6 Rb6 24. e4 e5 25. fxe5 Qxe5 26.
Nxf7 Qe6 27. Nd8 Rxf1+ 28. Rxf1 Qe5 29. Rd1 Qxb5 30. Qa2+ Kh7 31. Qxa7 Qxb4
1/2-1/2

[Event "Wismilak It"]
[Site "Surabaya IND"]
[Date "2002.07.27"]
[Round "9"]
[White "Paciencia,E"]
[Black "Barus,C"]
[Result "1/2-1/2"]
[WhiteElo "2483"]
[BlackElo "2456"]
[EventDate "2002.07.22"]

1. Nf3 Nf6 2. c4 e6 3. g3 b6 4. Bg2 Bb7 5. O-O Be7 6. d4 O-O 7. Nc3 Bb4 8.
Qc2 Bxc3 9. Qxc3 d6 10. b3 Nbd7 11. Bb2 Re8 12. Rfd1 Be4 13. Bh3 c6 14. Nd2
Bg6 15. Bg2 d5 16. Rac1 h5 17. Re1 a5 18. e4 a4 19. cxd5 cxd5 20. e5 Nh7
21. Bf1 axb3 22. Qxb3 Ra7 23. Re3 h4 24. Rec3 hxg3 25. fxg3 f6 26. Bb5 fxe5
27. dxe5 Rf8 28. Bxd7 Qxd7 29. Ba3 Rfa8 30. Bb4 Ng5 31. a3 Ne4 32. Nxe4
Bxe4 33. Bd6 Qe8 1/2-1/2

[Event "Wismilak It"]
[Site "Surabaya IND"]
[Date "2002.07.27"]
[Round "9"]
[White "Hamdani,R"]
[Black "Megaranto,S"]
[Result "0-1"]
[WhiteElo "2375"]
[BlackElo "2364"]
[EventDate "2002.07.22"]

1. d4 d5 2. Nf3 Nf6 3. c4 c6 4. Nc3 dxc4 5. a4 Bf5 6. e3 e6 7. Bxc4 Bb4 8.
O-O Nbd7 9. Qe2 Bg6 10. e4 O-O 11. Bd3 a6 12. h3 h6 13. Bf4 Rc8 14. Rfd1
Re8 15. Bc2 Bf8 16. Ne5 Nxe5 17. dxe5 Nd7 18. Be3 Qc7 19. f4 c5 20. Rd2 Nb8
21. Qf2 Qb6 22. Bd3 Nc6 23. Rad1 Nd4 24. Bb1 Rcd8 25. Ba2 Qc7 26. f5 Bh7
27. Kh1 b5 28. axb5 axb5 29. Bxd4 cxd4 30. Rxd4 Ra8 31. Rd6 Bxd6 32. Rxd6
Qc8 33. Qd4 Kh8 34. Bb3 b4 35. Ne2 exf5 36. Bxf7 Re7 37. Bd5 Rb8 38. Rb6
Qf8 39. e6 fxe4 40. Qe5 Rd8 41. Ng3 e3 42. Be4 Qf6 0-1

[Event "Wismilak It"]
[Site "Surabaya IND"]
[Date "2002.07.27"]
[Round "9"]
[White "Handoko,E"]
[Black "Juswanto,D"]
[Result "0-1"]
[WhiteElo "2431"]
[BlackElo "2520"]
[EventDate "2002.07.22"]

1. e4 d6 2. d4 g6 3. Nf3 Bg7 4. Be2 Nf6 5. Nc3 O-O 6. O-O Bg4 7. Be3 Nc6 8.
d5 Bxf3 9. Bxf3 Ne5 10. Be2 c6 11. f4 Ned7 12. dxc6 bxc6 13. Bf3 Qc7 14.
Qd2 Nb6 15. b3 Nfd7 16. Rad1 Rad8 17. Ne2 Rfe8 18. c4 Nf6 19. Qa5 e5 20.
Ng3 Bh6 21. Qc3 Bxf4 22. Bxf4 exf4 23. Nf5 Re6 24. Nh6+ Kg7 25. Ng4 Nbd7
26. Nf2 Qb6 27. Kh1 Qe3 28. Qb2 Ne5 29. Nh3 Ree8 30. Qd2 Nxf3 31. gxf3 Nxe4
32. fxe4 Qxh3 33. Qd4+ Kg8 34. Rxf4 Rd7 35. Rdf1 Qe6 36. Qf2 Rde7 37. Qg2
Qe5 38. Qf3 Rf8 39. Qg3 Kg7 40. Qf3 h6 41. Qf2 Rd7 42. Qg3 Re7 43. Qf2 a5
44. Qg3 Rd7 45. Qf3 f6 46. Rg4 h5 47. Rf4 c5 48. Rg1 Kh6 0-1

[Event "Wismilak It"]
[Site "Surabaya IND"]
[Date "2002.07.28"]
[Round "10"]
[White "Kosasih,C"]
[Black "Paciencia,E"]
[Result "1-0"]
[WhiteElo "2422"]
[BlackElo "2483"]
[EventDate "2002.07.22"]

1. d4 Nf6 2. Nf3 e6 3. c4 Bb4+ 4. Bd2 Qe7 5. a3 Bxd2+ 6. Qxd2 d6 7. Nc3 O-O
8. e3 b6 9. Be2 Bb7 10. O-O Nbd7 11. Qc2 Rfe8 12. Rfd1 Nf8 13. Ne1 c5 14.
dxc5 bxc5 15. Bf3 Rab8 16. Rd2 Ng6 17. Rad1 Ne5 18. Bxb7 Qxb7 19. Na4 Rec8
20. Nd3 Ng6 21. f3 Nh4 22. e4 Ng6 23. Nc1 Ne8 24. Ne2 Qa6 25. f4 Ne7 26.
Kh1 g6 27. h3 Rb7 28. Rd3 Qc6 29. Ng3 Rcb8 30. f5 Qc8 31. fxg6 hxg6 32. e5
Nc6 33. exd6 Nd4 34. Qf2 Nxd6 35. Nxc5 Qxc5 36. Qxd4 Qxd4 37. Rxd4 Rb3 38.
Rxd6 Rxg3 39. Rd8+ Rxd8 40. Rxd8+ Kg7 41. c5 Re3 42. Kh2 Re2 43. b4 Re3 44.
c6 Rc3 45. b5 1-0

[Event "Wismilak It"]
[Site "Surabaya IND"]
[Date "2002.07.28"]
[Round "10"]
[White "Zaw Win Lay"]
[Black "Handoko,E"]
[Result "0-1"]
[WhiteElo "2531"]
[BlackElo "2431"]
[EventDate "2002.07.22"]

1. e4 e5 2. Nf3 Nf6 3. Nxe5 d6 4. Nf3 Nxe4 5. d4 d5 6. Bd3 Bd6 7. O-O O-O
8. c4 c6 9. cxd5 cxd5 10. Nc3 Nxc3 11. bxc3 Bg4 12. Rb1 Nd7 13. h3 Bh5 14.
Rb5 Nb6 15. c4 Bxf3 16. Qxf3 dxc4 17. Bc2 Qd7 18. a4 Rfe8 19. Be3 Bc7 20.
Rg5 g6 21. Rb1 Rad8 22. d5 Qd6 23. Rd1 Qh2+ 24. Kf1 Nd7 25. Rd4 Ne5 26.
Rxe5 Bxe5 27. Rh4 Qh1+ 28. Ke2 Bg7 29. Rxc4 Rd6 30. Rc7 Rf6 31. Qg3 Bf8 32.
Qg5 Qa1 33. Rxb7 h6 34. Qg4 Rxe3+ 35. fxe3 Qf1+ 36. Kd2 Rf2+ 37. Kc3 Qe1+
0-1

[Event "Wismilak It"]
[Site "Surabaya IND"]
[Date "2002.07.28"]
[Round "10"]
[White "Hamdani,R"]
[Black "Nay Oo Kyaw Tun"]
[Result "1/2-1/2"]
[WhiteElo "2375"]
[BlackElo "2504"]
[EventDate "2002.07.22"]

1. e4 c6 2. d4 d5 3. Nc3 dxe4 4. Nxe4 Nd7 5. Bc4 Ngf6 6. Ng5 e6 7. Qe2 Nb6
8. Bb3 a5 9. c3 c5 10. N1f3 h6 11. dxc5 Bxc5 12. Ne4 Be7 13. O-O Qc7 14.
Bc2 Bd7 15. Nd4 Nbd5 16. Nb5 Bxb5 17. Qxb5+ Qd7 18. Qe2 O-O 19. Rd1 Qc7 20.
c4 Nb4 21. Nxf6+ Bxf6 22. Be4 Rad8 23. Bd2 Rd4 24. Bxb4 axb4 25. Rxd4 Bxd4
26. Rd1 1/2-1/2

[Event "Wismilak It"]
[Site "Surabaya IND"]
[Date "2002.07.28"]
[Round "10"]
[White "Megaranto,S"]
[Black "Juswanto,D"]
[Result "1/2-1/2"]
[WhiteElo "2364"]
[BlackElo "2520"]
[EventDate "2002.07.22"]

1. e4 d6 2. d4 Nf6 3. Nc3 g6 4. h3 Bg7 5. Nf3 O-O 6. Be2 c5 7. O-O cxd4 8.
Nxd4 Nc6 9. Be3 Bd7 10. Nb3 Rc8 11. f4 a6 12. Bf3 Be6 13. Qd2 Nd7 14. Rad1
Nb6 15. Qf2 Nc4 16. Bc1 Qb6 17. Qxb6 Nxb6 18. Nd5 Bxd5 19. exd5 Nb8 20. c3
Rc7 21. Rfe1 Bf6 22. Nd2 N8d7 23. Ne4 Bg7 24. g4 h6 25. h4 Na4 26. h5 gxh5
27. gxh5 Nf6 28. Ng3 Rfc8 29. Nf5 Bf8 30. Rd3 b5 31. a3 a5 32. Bd1 Nb6 33.
Bb3 a4 34. Ba2 Nc4 35. Bb1 Rc5 36. Rxe7 Bxe7 37. Nxe7+ Kf8 38. Nxc8 Rxc8
39. Kf2 Nxh5 40. f5 Ke7 41. Bxh6 Rg8 42. Bc1 Nf6 43. Rg3 Rxg3 44. Kxg3 Nxd5
45. Kf3 Kd7 46. Ke4 Ndb6 47. Bd3 Kc6 48. Be2 Kd7 49. Kd3 Ne5+ 50. Kc2 d5
51. b3 1/2-1/2

[Event "Wismilak It"]
[Site "Surabaya IND"]
[Date "2002.07.29"]
[Round "11"]
[White "Irwanto,S"]
[Black "Kosasih,C"]
[Result "1-0"]
[WhiteElo "2362"]
[BlackElo "2422"]
[EventDate "2002.07.22"]

1. d4 d5 2. Nf3 c6 3. c4 Nf6 4. Nc3 e6 5. Bg5 Nbd7 6. e3 Be7 7. Bd3 h6 8.
Bh4 O-O 9. O-O Re8 10. Rc1 b6 11. cxd5 exd5 12. Bg3 Bb7 13. h3 Nf8 14. Ne5
a5 15. Na4 b5 16. Nc5 Bxc5 17. Rxc5 Re6 18. Bf5 Ra6 19. Bxe6 Nxe6 20. Rc2
Ne4 21. Bh2 f6 22. Nd3 Nd6 23. Bxd6 Qxd6 24. Qh5 Ra8 25. Rfc1 b4 26. b3 Rc8
27. Nc5 Ba8 28. Qf5 1-0

[Event "Wismilak It"]
[Site "Surabaya IND"]
[Date "2002.07.29"]
[Round "11"]
[White "Nay Oo Kyaw Tun"]
[Black "Megaranto,S"]
[Result "0-1"]
[WhiteElo "2504"]
[BlackElo "2364"]
[EventDate "2002.07.22"]

1. e4 c6 2. d4 d5 3. exd5 cxd5 4. c4 Nf6 5. Nc3 e6 6. c5 Nc6 7. Nf3 Be7 8.
Bd3 O-O 9. O-O b6 10. Bb5 Bd7 11. Bxc6 Bxc6 12. Ne5 Be8 13. cxb6 Qxb6 14.
Qd3 Rc8 15. Re1 Bb4 16. Bd2 Bd6 17. Rab1 Nd7 18. Bf4 Bxe5 19. dxe5 f6 20.
exf6 Bg6 21. Qd2 Bxb1 22. Rxb1 Nxf6 23. Be3 Qc7 24. h3 a6 25. Bf4 Qc4 26.
Bd6 d4 0-1

[Event "Wismilak It"]
[Site "Surabaya IND"]
[Date "2002.07.29"]
[Round "11"]
[White "Handoko,E"]
[Black "Barus,C"]
[Result "0-1"]
[WhiteElo "2431"]
[BlackElo "2456"]
[EventDate "2002.07.22"]

1. e4 c6 2. c4 d5 3. cxd5 cxd5 4. exd5 Qxd5 5. Nc3 Qd8 6. d4 e6 7. Nf3 Nf6
8. Bd3 Nc6 9. O-O Be7 10. a3 O-O 11. Bc2 a6 12. Qd3 b5 13. Ne4 g6 14. Bh6
Re8 15. Rad1 Nxe4 16. Qxe4 Bb7 17. Ne5 Nxe5 18. Qxb7 Ng4 19. Bf4 Bd6 20.
Qf3 Bxf4 21. Qxf4 Nf6 22. Bb3 Ra7 23. Rd2 Rd7 24. Rfd1 Qe7 25. h3 Red8 26.
Qe5 Nd5 27. Rc2 Qd6 28. Qe4 Qb6 29. Rcd2 Ne7 30. Rc2 Kg7 31. Kh1 h5 32. Kg1
Nd5 33. Kh1 Nf6 34. Qf3 Qd6 35. Kg1 Nd5 36. Kh1 Qe7 37. Kg1 Qf6 38. Qe4 Rd6
39. Ba2 Ne7 40. Rcd2 Nf5 41. d5 Ne7 42. a4 Nxd5 43. Bxd5 Rxd5 44. Rxd5 Rxd5
45. Qe2 bxa4 46. Ra1 Rb5 47. Ra2 Qd4 48. g3 Rb3 49. Kf1 a5 50. Qe1 e5 51.
h4 0-1